000
00324nam a2200133Ia 4500
008
191201s2001 xx 000 0 und d
082
_a
677.02828
_b
ADH
100
_a
ADANUR, Sabit
245
0
_a
Hand Book of Weaving
260
_a
Londan
_b
Woodhead Publisher
_c
2001
300
_a
436
650
_a
B.Tech(TE)
942
_2
ddc
_c
BK
999
_c
3965
_d
3965